Países com mais gatos de estimação - Statistics

Estatísticas Gerais
  • Esse quiz foi jogado 68 vezes
  • A pontuação média é 8 de 10
Estatísticas das Respostas
Países % Correto
12.5 mi Brasil
98%
76.5 mi Estados Unidos
97%
9.5 mi França
93%
12.75 mi Rússia
91%
53 mi China
90%
7.25 mi Japão
90%
7.75 mi Alemanha
86%
9.5 mi Itália
83%
7.75 mi Reino Unido
78%
7.5 mi Ucrânia
36%
Nenhum quiz correspondente encontrado
Distribuição das Pontuações
Porcentagem de Pessoas com Cada Pontuação
Percentil de Números Respondidos
Sua Pontuação Histórica
Você não jogou esse quiz